El segundo sexo

El segundo sexo no sólo ha nutrido a todo el feminismo que se ha hecho en la segunda mitad del siglo 20, sino que es el ensayo feminista más importante de esa centuria. Todo lo que se ha escrito después en el campo de la teoría feminista ha tenido que contar con esta obra, bien para continuarla en s...

Descripción completa

Detalles Bibliográficos
Autor principal: Beauvoir, Simone de 1908-1986
Formato: Libro
Lenguaje:español
Publicado: Buenos Aires: Debolsillo, 2018.
Colección:Contemporánea
Materias:
Acceso en línea:

MARC

LEADER 00000cam a2200000 4500
003 UAHC
005 20220712135424.0
008 181004s2016 ag |||| |||| 00| 0 spa d
020 |a 9789875662834 
035 |a CENTRAL 
040 |a UAHC_CL  |c UAHC_CL  |d UAHC_CL 
082 |2 21  |a 305.42  |b B386 
100 |9 5113  |a Beauvoir, Simone de  |d 1908-1986 
245 |a El segundo sexo  |c Simone de Beauvoir. 
260 |a Buenos Aires:  |b Debolsillo,  |c 2018. 
300 |a 725 p. 
440 |9 2039  |a Contemporánea 
520 |a El segundo sexo no sólo ha nutrido a todo el feminismo que se ha hecho en la segunda mitad del siglo 20, sino que es el ensayo feminista más importante de esa centuria. Todo lo que se ha escrito después en el campo de la teoría feminista ha tenido que contar con esta obra, bien para continuarla en sus planteamientos y seguir desarrollándolos, bien para criticarlos oponiéndose a ellos. El segundo sexo, que es el ensayo de una filósofa existencialista, se encuadra en el ámbito más amplio de un pensamiento ilustrado que toma de la ilustración precisamente sus aspectos positivos, emancipatorios; ante todo, una concepción igualitaria de los seres humanos, según la cual la diferencia de sexos no altera su radical igualdad de condición. Al mismo tiempo, es un ensayo filosófico que analiza el hecho de la condición femenina en las sociedades occidentales desde múltiples puntos de vista: el científico, el histórico, el psicológico, el sociológico, el ontológico y el cultural. Se trata de un estudio totalizador donde se investiga el porqué de la situación en que se encuentra esa mitad de la humanidad que somos las mujeres. 
526 |a Colección de Género y Sexualidades 
650 0 |9 910  |a Feminismo 
650 0 |9 5159  |a Literatura feminista 
650 0 |9 5083  |a Mujeres  |x Condiciones sociales 
650 0 |9 5079  |a Teoría feminista 
900 |a 305.42 BEA 
942 |2 ddc  |c BK 
952 |0 0  |1 0  |2 ddc  |4 0  |6 305_420000000000000_BEA  |7 0  |8 COMP  |9 90710  |a BC  |b BR  |c General  |d 2018-10-04  |e Compra  |g 20333.00  |l 29  |m 37  |o 305.42 BEA  |p 1443184  |r 2025-12-18 17:44:17  |s 2025-12-10  |t c.1  |v 20333.00  |w 2018-10-04  |x OC: 2134 / Factura: 142340  |y BK  |z También lo encuentras en bibliografias.academia.cl 
999 |c 51093  |d 51093